| 000 | 01100nam a2200265Ia 4500 | ||
|---|---|---|---|
| 003 | OSt | ||
| 005 | 20210908084937.0 | ||
| 008 | 210310s2010 pe ad fr 000 0 spa d | ||
| 020 | _a9786124054334 | ||
| 040 |
_aCO-JMCR _cCO-JMCR |
||
| 041 | 0 | _aspa | |
| 082 | 0 | 4 |
_a337.1 / _bC741c2 _223 |
| 110 | 2 |
_aComunidad Andina _936229 |
|
| 245 | 1 | 0 |
_aConvergencia macroeconómica Andina 2010 / _cComunidad Andina |
| 250 | _aPrimera edición | ||
| 260 |
_aLima : _bComunidad Andina, _c2011 |
||
| 300 |
_a267 páginas : _bilustraciones y gráficas a color ; _c23 cm. |
||
| 500 | _aIncluye notas a pie de página. | ||
| 505 | 0 | _aInforme de seguimiento de las metas de convergencia macroeconómica de los Países Andinos -- Opinión del grupo de expertos del sector no oficial de los Países Andinos -- Indicadores para el seguimiento socioeconómico de la subregión | |
| 650 | 1 | 4 |
_aComunidad Andina _917506 |
| 650 | 2 | 4 |
_aMacroeconomía _zAmérica Latina _936230 |
| 650 | 2 | 4 |
_aIntegración económica _zAmérica Latina _940138 |
| 651 | 2 |
_aAmérica Latina _xPolítica económica _936232 |
|
| 942 |
_2ddc _cBK |
||
| 999 |
_c8518 _d8518 |
||